000 00317 a2200097 4500
245 0 0 _aTranzystory - Pomiar pojemnoĊ›ci CCBO i CEBO PN-87/T-01504/22 /
_cMin. Przem. Maszynowego.
246 1 3 _aPN-87/T-01504/22
246 1 3 _a621.382.3
260 _aWarszawa :
_bMin. Przem. Maszynowego,
_c1987.
300 _a3 stron ;
_c30 cm.
650 _aPolska norma
999 _c20090
_d20090